[Event "High League 2022 men"]
[Site "Obninsk"]
[Date "2022.06.28"]
[Round "3.3"]
[White "Rakhmanov, Aleksandr"]
[Black "Iljiushenok, Ilia"]
[Result "0-1"]
[LiveChessVersion "1.4.7"]
[BlackElo "2540"]
[WhiteElo "2635"]

1. Nf3 {[%clk 1:30:57]} Nf6 {[%clk 1:25:50]} 2. g3 {[%clk 1:30:35]} d5
{[%clk 1:25:49]} 3. Bg2 {[%clk 1:30:47]} e6 {[%clk 1:25:04]} 4. d4
{[%clk 1:24:53]} Be7 {[%clk 1:22:17]} 5. c4 {[%clk 1:24:37]} O-O {[%clk 1:22:25]}
6. Qc2 {[%clk 1:24:46]} c5 {[%clk 1:13:21]} 7. dxc5 {[%clk 1:24:57]} Qa5+
{[%clk 1:08:34]} 8. Nc3 {[%clk 1:10:23]} dxc4 {[%clk 1:07:12]} 9. O-O
{[%clk 1:10:33]} Nc6 {[%clk 1:04:23]} 10. Bg5 {[%clk 1:01:20]} Qxc5
{[%clk 1:01:31]} 11. Bxf6 {[%clk 0:53:41]} Bxf6 {[%clk 1:00:54]} 12. Ne4
{[%clk 0:53:24]} Qe7 {[%clk 0:55:12]} 13. Rfd1 {[%clk 0:39:37]} Rb8
{[%clk 0:46:35]} 14. Nxf6+ {[%clk 0:33:10]} Qxf6 {[%clk 0:46:34]} 15. Qxc4
{[%clk 0:31:02]} e5 {[%clk 0:40:23]} 16. Nd2 {[%clk 0:23:03]} Be6
{[%clk 0:20:51]} 17. Qc5 {[%clk 0:18:31]} Bg4 {[%clk 0:20:25]} 18. Ne4
{[%clk 0:16:15]} Qg6 {[%clk 0:20:23]} 19. Rd6 {[%clk 0:15:36]} Qh5
{[%clk 0:20:30]} 20. f3 {[%clk 0:14:20]} Be6 {[%clk 0:19:41]} 21. h4
{[%clk 0:12:02]} Nd4 {[%clk 0:13:38]} 22. Ng5 {[%clk 0:06:59]} Nxe2+
{[%clk 0:10:17]} 23. Kh2 {[%clk 0:07:02]} Rbc8 {[%clk 0:06:12]} 24. Qxe5
{[%clk 0:06:53]} h6 {[%clk 0:06:35]} 25. Re1 {[%clk 0:04:03]} Bc4
{[%clk 0:06:15]} 26. Bh3 {[%clk 0:01:02]} Rce8 {[%clk 0:02:33]} 27. Qxe8
{[%clk 0:01:12]} Rxe8 {[%clk 0:03:02]} 28. Bg4 {[%clk 0:01:36]} Qxg4
{[%clk 0:03:27]} 29. fxg4 {[%clk 0:02:03]} hxg5 {[%clk 0:03:54]} 30. hxg5
{[%clk 0:00:33]} g6 {[%clk 0:03:30]} 31. b3 {[%clk 0:00:36]} Ba6 {[%clk 0:03:19]}
32. Rd7 {[%clk 0:00:46]} Kg7 {[%clk 0:04:04]} 33. Rf1 {[%clk 0:01:09]} Rf8
{[%clk 0:02:51]} 34. Rf6 {[%clk 0:01:01]} Nc3 {[%clk 0:02:49]} 35. a4
{[%clk 0:01:02]} Ne4 {[%clk 0:02:57]} 36. Rf4 {[%clk 0:01:09]} Nc5
{[%clk 0:01:40]} 37. Rd5 {[%clk 0:00:48]} Nxb3 {[%clk 0:01:52]} 38. Kg1
{[%clk 0:00:33]} Nc1 {[%clk 0:02:10]} 39. Rf6 {[%clk 0:00:44]} Ne2+
{[%clk 0:02:13]} 40. Kg2 {[%clk 0:30:51]} Nc3 {[%clk 0:32:07]} 41. Rd4
{[%clk 0:29:44]} Re8 {[%clk 0:30:02]} 42. Rd7 {[%clk 0:25:53]} Bc4
{[%clk 0:28:57]} 43. Rf4 {[%clk 0:24:46]} Bd5+ {[%clk 0:27:17]} 44. Kf2
{[%clk 0:24:49]} Re2+ {[%clk 0:26:20]} 45. Kf1 {[%clk 0:24:51]} Rb2
{[%clk 0:24:58]} 46. Rd4 {[%clk 0:24:34]} Bg2+ {[%clk 0:25:08]} 0-1

[Event "High League 2022 men"]
[Site "Obninsk"]
[Date "2022.06.28"]
[Round "3.4"]
[White "Sviridov, Valery"]
[Black "Riazantsev, Alexander"]
[Result "1/2-1/2"]
[LiveChessVersion "1.4.7"]
[BlackElo "2635"]
[WhiteElo "2571"]

1. Nf3 {[%clk 1:30:55]} d5 {[%clk 1:30:44]} 2. d4 {[%clk 1:30:58]} Nf6
{[%clk 1:31:00]} 3. c4 {[%clk 1:31:10]} e6 {[%clk 1:29:14]} 4. g3
{[%clk 1:30:48]} Bb4+ {[%clk 1:27:36]} 5. Bd2 {[%clk 1:30:13]} a5
{[%clk 1:26:52]} 6. Bg2 {[%clk 1:30:11]} O-O {[%clk 1:27:01]} 7. Qc2
{[%clk 1:29:56]} c5 {[%clk 1:24:13]} 8. cxd5 {[%clk 1:26:22]} cxd4
{[%clk 1:24:03]} 9. Nxd4 {[%clk 1:26:22]} Qb6 {[%clk 1:23:37]} 10. a3
{[%clk 1:26:21]} Bxd2+ {[%clk 0:56:08]} 11. Qxd2 {[%clk 1:26:40]} exd5
{[%clk 0:56:33]} 12. Nc3 {[%clk 1:24:30]} Nc6 {[%clk 0:56:56]} 13. e3
{[%clk 1:24:15]} Nxd4 {[%clk 0:28:56]} 14. Qxd4 {[%clk 1:23:24]} Qxd4
{[%clk 0:29:25]} 15. exd4 {[%clk 1:23:43]} Rd8 {[%clk 0:29:43]} 16. Kd2
{[%clk 1:14:41]} Bd7 {[%clk 0:29:42]} 17. Rhe1 {[%clk 1:12:22]} Kf8
{[%clk 0:27:49]} 18. Rac1 {[%clk 1:07:29]} Bc6 {[%clk 0:28:04]} 19. f3
{[%clk 1:07:03]} Re8 {[%clk 0:27:18]} 20. Bf1 {[%clk 1:06:34]} Rxe1
{[%clk 0:26:59]} 21. Rxe1 {[%clk 1:06:59]} Re8 {[%clk 0:27:12]} 22. Rxe8+
{[%clk 1:04:25]} 1/2-1/2

[Event "High League 2022 men"]
[Site "Obninsk"]
[Date "2022.06.28"]
[Round "3.5"]
[White "Chigaev, Maksim"]
[Black "Nesterov, Arseniy"]
[Result "1/2-1/2"]
[LiveChessVersion "1.4.7"]
[BlackElo "2566"]
[WhiteElo "2631"]

1. Nf3 {[%clk 1:30:45]} d5 {[%clk 1:30:46]} 2. g3 {[%clk 1:31:07]} Nf6
{[%clk 1:29:57]} 3. Bg2 {[%clk 1:31:16]} e6 {[%clk 1:30:14]} 4. O-O
{[%clk 1:31:21]} Be7 {[%clk 1:26:38]} 5. d3 {[%clk 1:29:08]} O-O {[%clk 1:25:56]}
6. Bf4 {[%clk 1:26:41]} Bd6 {[%clk 1:16:01]} 7. Bd2 {[%clk 1:25:31]} e5
{[%clk 1:09:20]} 8. Nc3 {[%clk 1:16:15]} c6 {[%clk 0:53:35]} 9. e4
{[%clk 1:12:17]} Be6 {[%clk 0:52:14]} 10. Ng5 {[%clk 0:51:58]} Bg4
{[%clk 0:51:43]} 11. Qe1 {[%clk 0:52:22]} h6 {[%clk 0:40:22]} 12. h3
{[%clk 0:47:53]} d4 {[%clk 0:33:18]} 13. Nb1 {[%clk 0:48:15]} hxg5
{[%clk 0:32:39]} 14. hxg4 {[%clk 0:48:39]} Nxg4 {[%clk 0:29:38]} 15. a4
{[%clk 0:45:29]} c5 {[%clk 0:22:12]} 16. Na3 {[%clk 0:44:29]} Nc6
{[%clk 0:22:32]} 17. Nc4 {[%clk 0:43:49]} Be7 {[%clk 0:19:46]} 18. Qe2
{[%clk 0:33:12]} Nh6 {[%clk 0:19:49]} 19. f4 {[%clk 0:18:15]} g6 {[%clk 0:12:55]}
20. f5 {[%clk 0:17:45]} Kg7 {[%clk 0:11:01]} 21. fxg6 {[%clk 0:17:12]} Kxg6
{[%clk 0:07:15]} 22. Bh3 {[%clk 0:16:45]} Kg7 {[%clk 0:07:00]} 23. Rf2
{[%clk 0:15:54]} Qe8 {[%clk 0:06:36]} 24. Raf1 {[%clk 0:14:45]} f6
{[%clk 0:06:46]} 25. Rh2 {[%clk 0:10:37]} Rh8 {[%clk 0:06:04]} 26. Kg2
{[%clk 0:10:22]} Qg6 {[%clk 0:04:25]} 27. Be6 {[%clk 0:09:37]} Nf7
{[%clk 0:03:21]} 28. Rfh1 {[%clk 0:10:05]} Rxh2+ {[%clk 0:03:45]} 29. Rxh2
{[%clk 0:10:30]} Nh6 {[%clk 0:01:33]} 30. Na5 {[%clk 0:03:30]} Nxa5
{[%clk 0:01:47]} 31. Bxa5 {[%clk 0:03:59]} Rh8 {[%clk 0:01:34]} 32. Bd2
{[%clk 0:04:15]} b6 {[%clk 0:01:17]} 33. a5 {[%clk 0:02:45]} Qe8 {[%clk 0:01:13]}
34. axb6 {[%clk 0:02:17]} axb6 {[%clk 0:01:40]} 35. Rh1 {[%clk 0:01:30]} Qc6
{[%clk 0:01:48]} 36. Bd5 {[%clk 0:01:43]} Qd7 {[%clk 0:02:16]} 37. Qh5
{[%clk 0:01:05]} Qg4 {[%clk 0:02:05]} 1/2-1/2

[Event "High League 2022 men"]
[Site "Obninsk"]
[Date "2022.06.28"]
[Round "3.6"]
[White "Lysyj, Igor"]
[Black "Shubin, Kirill"]
[Result "1/2-1/2"]
[LiveChessVersion "1.4.7"]
[BlackElo "2475"]
[WhiteElo "2604"]

1. d4 {[%clk 1:29:28]} Nf6 {[%clk 1:30:54]} 2. c4 {[%clk 1:29:54]} e6
{[%clk 1:31:20]} 3. Nc3 {[%clk 1:30:19]} Bb4 {[%clk 1:31:47]} 4. Qc2
{[%clk 1:30:45]} d6 {[%clk 1:32:12]} 5. e3 {[%clk 1:31:10]} c5 {[%clk 1:32:32]}
6. Nf3 {[%clk 1:31:08]} O-O {[%clk 1:30:16]} 7. Be2 {[%clk 1:29:08]} cxd4
{[%clk 1:28:06]} 8. exd4 {[%clk 1:29:16]} d5 {[%clk 1:28:31]} 9. O-O
{[%clk 1:28:00]} dxc4 {[%clk 1:26:56]} 10. Bxc4 {[%clk 1:19:59]} Nbd7
{[%clk 1:21:37]} 11. Bg5 {[%clk 1:15:02]} Bxc3 {[%clk 1:11:26]} 12. Qxc3
{[%clk 1:02:40]} Ne4 {[%clk 1:04:12]} 13. Bxd8 {[%clk 1:01:48]} Nxc3
{[%clk 1:04:38]} 14. Bh4 {[%clk 0:51:26]} Nb6 {[%clk 1:03:03]} 15. Bb3
{[%clk 0:49:10]} Ncd5 {[%clk 1:02:02]} 16. Ne5 {[%clk 0:39:19]} Nd7
{[%clk 0:54:17]} 17. Nd3 {[%clk 0:38:01]} b6 {[%clk 0:47:29]} 18. Bxd5
{[%clk 0:36:25]} exd5 {[%clk 0:47:52]} 19. Rfe1 {[%clk 0:31:23]} a5
{[%clk 0:31:54]} 20. Rac1 {[%clk 0:26:04]} f6 {[%clk 0:29:32]} 21. Bg3
{[%clk 0:20:00]} g5 {[%clk 0:28:57]} 22. Bd6 {[%clk 0:15:06]} Rd8
{[%clk 0:29:22]} 23. f4 {[%clk 0:15:32]} Ba6 {[%clk 0:28:29]} 24. Nf2
{[%clk 0:15:56]} Re8 {[%clk 0:25:40]} 25. fxg5 {[%clk 0:14:57]} fxg5
{[%clk 0:24:04]} 26. Ng4 {[%clk 0:15:14]} h5 {[%clk 0:22:17]} 27. Ne3
{[%clk 0:11:36]} Re6 {[%clk 0:20:32]} 28. Nf5 {[%clk 0:11:59]} Rae8
{[%clk 0:19:56]} 29. Ne7+ {[%clk 0:08:39]} Kf7 {[%clk 0:20:21]} 30. Rxe6
{[%clk 0:09:04]} Kxe6 {[%clk 0:20:45]} 31. Ba3 {[%clk 0:09:02]} Bd3
{[%clk 0:14:46]} 32. Nc8 {[%clk 0:07:04]} Kf6 {[%clk 0:13:53]} 33. Rc6+
{[%clk 0:06:46]} Re6 {[%clk 0:13:46]} 34. Be7+ {[%clk 0:06:42]} Kf7
{[%clk 0:14:11]} 35. Rxe6 {[%clk 0:07:02]} Kxe6 {[%clk 0:14:32]} 36. Bxg5
{[%clk 0:06:55]} b5 {[%clk 0:13:44]} 37. Na7 {[%clk 0:05:03]} Nb6
{[%clk 0:12:13]} 38. Bd8 {[%clk 0:04:19]} Na4 {[%clk 0:12:34]} 39. Bxa5
{[%clk 0:03:40]} Nxb2 {[%clk 0:12:59]} 40. Nc6 {[%clk 0:32:32]} Bc4
{[%clk 0:43:07]} 41. a3 {[%clk 0:28:51]} Kf5 {[%clk 0:43:18]} 42. Kf2
{[%clk 0:28:21]} Ke4 {[%clk 0:43:37]} 43. Kg3 {[%clk 0:27:53]} Be2
{[%clk 0:43:55]} 44. Bb4 {[%clk 0:23:27]} Nc4 {[%clk 0:42:58]} 45. Kf2
{[%clk 0:21:11]} Bg4 {[%clk 0:42:37]} 46. Bc5 {[%clk 0:20:23]} Bd7
{[%clk 0:42:33]} 47. Ne7 {[%clk 0:20:14]} Be6 {[%clk 0:40:34]} 48. Ng6
{[%clk 0:15:29]} Bf7 {[%clk 0:39:10]} 49. Nh4 {[%clk 0:12:52]} Kd3
{[%clk 0:39:35]} 50. Nf3 {[%clk 0:13:12]} Kc3 {[%clk 0:39:41]} 51. Ne5
{[%clk 0:13:08]} Nxe5 {[%clk 0:38:53]} 52. dxe5 {[%clk 0:13:35]} Kc4
{[%clk 0:38:17]} 53. Bd6 {[%clk 0:12:53]} d4 {[%clk 0:38:40]} 54. Kg3
{[%clk 0:10:15]} Kd5 {[%clk 0:38:24]} 55. Kf4 {[%clk 0:10:37]} d3
{[%clk 0:26:37]} 56. Bb4 {[%clk 0:10:38]} Ke6 {[%clk 0:24:31]} 57. Ke4
{[%clk 0:08:18]} Bg6+ {[%clk 0:23:15]} 58. Kd4 {[%clk 0:08:43]} Bf7
{[%clk 0:23:40]} 59. Bc3 {[%clk 0:08:52]} Bg6 {[%clk 0:24:06]} 60. h3
{[%clk 0:09:07]} Ke7 {[%clk 0:24:32]} 61. g4 {[%clk 0:04:57]} hxg4
{[%clk 0:24:51]} 62. hxg4 {[%clk 0:05:25]} Ke6 {[%clk 0:25:16]} 63. g5
{[%clk 0:04:52]} Ke7 {[%clk 0:25:40]} 64. Kc5 {[%clk 0:05:00]} Be8
{[%clk 0:26:03]} 65. g6 {[%clk 0:05:22]} Bxg6 {[%clk 0:26:27]} 66. Kxb5
{[%clk 0:05:50]} Ke6 {[%clk 0:26:54]} 67. a4 {[%clk 0:06:15]} 1/2-1/2

[Event "High League 2022 men"]
[Site "Obninsk"]
[Date "2022.06.28"]
[Round "3.7"]
[White "Zvjaginsev, Vadim"]
[Black "Sychev, Klementy"]
[Result "1/2-1/2"]
[LiveChessVersion "1.4.7"]
[BlackElo "2534"]
[WhiteElo "2603"]

1. g3 {[%clk 1:30:54]} d5 {[%clk 1:28:02]} 2. Nf3 {[%clk 1:31:05]} Nc6
{[%clk 1:27:45]} 3. Bg2 {[%clk 1:30:02]} e5 {[%clk 1:27:21]} 4. d3
{[%clk 1:30:11]} Nf6 {[%clk 1:26:43]} 5. O-O {[%clk 1:30:34]} h6 {[%clk 1:25:04]}
6. c4 {[%clk 1:24:31]} dxc4 {[%clk 1:25:21]} 7. dxc4 {[%clk 1:23:47]} Bd6
{[%clk 1:00:30]} 8. Nc3 {[%clk 1:19:22]} O-O {[%clk 0:59:15]} 9. Nd2
{[%clk 1:13:02]} Bg4 {[%clk 0:50:32]} 10. h3 {[%clk 1:11:46]} Bh5
{[%clk 0:48:58]} 11. Nb3 {[%clk 1:09:48]} Re8 {[%clk 0:45:31]} 12. Be3
{[%clk 1:02:20]} Qc8 {[%clk 0:42:03]} 13. Rc1 {[%clk 0:57:19]} Bg6
{[%clk 0:36:32]} 14. Nd5 {[%clk 0:49:17]} Nh7 {[%clk 0:34:24]} 15. Bc5
{[%clk 0:46:15]} Bxc5 {[%clk 0:27:48]} 16. Nxc5 {[%clk 0:46:24]} Nd8
{[%clk 0:25:23]} 17. Nc3 {[%clk 0:39:51]} Nf6 {[%clk 0:22:40]} 18. Nd5
{[%clk 0:39:41]} Nh7 {[%clk 0:22:59]} 19. Nc3 {[%clk 0:39:41]} Nf6
{[%clk 0:23:13]} 20. Nd5 {[%clk 0:39:20]} 1/2-1/2

[Event "High League 2022 men"]
[Site "Obninsk"]
[Date "2022.06.28"]
[Round "3.8"]
[White "Shuvalova, Polina"]
[Black "Dreev, Aleksey"]
[Result "0-1"]
[LiveChessVersion "1.4.7"]
[BlackElo "2610"]
[WhiteElo "2498"]

1. e4 {[%clk 1:30:57]} e5 {[%clk 1:30:44]} 2. Nf3 {[%clk 1:31:22]} d6
{[%clk 1:31:10]} 3. d4 {[%clk 1:31:05]} exd4 {[%clk 1:31:33]} 4. Qxd4
{[%clk 1:28:57]} Nc6 {[%clk 1:30:28]} 5. Bb5 {[%clk 1:29:21]} Bd7
{[%clk 1:30:51]} 6. Qd3 {[%clk 1:28:10]} Nb4 {[%clk 1:24:09]} 7. Bxd7+
{[%clk 1:28:06]} Qxd7 {[%clk 1:24:32]} 8. Qb3 {[%clk 1:26:18]} d5
{[%clk 1:22:23]} 9. a3 {[%clk 1:25:38]} dxe4 {[%clk 1:22:21]} 10. axb4
{[%clk 1:25:16]} exf3 {[%clk 1:22:42]} 11. O-O {[%clk 1:25:38]} fxg2
{[%clk 1:23:01]} 12. Re1+ {[%clk 1:26:00]} Be7 {[%clk 1:23:18]} 13. Ra5
{[%clk 1:22:26]} Kf8 {[%clk 1:21:57]} 14. Bf4 {[%clk 1:17:58]} Nf6
{[%clk 1:16:07]} 15. Nc3 {[%clk 1:12:39]} Bd6 {[%clk 1:04:10]} 16. Bxd6+
{[%clk 1:05:40]} cxd6 {[%clk 1:03:23]} 17. Nd5 {[%clk 0:52:06]} Re8
{[%clk 0:38:18]} 18. Rxe8+ {[%clk 0:48:44]} Nxe8 {[%clk 0:35:32]} 19. Rxa7
{[%clk 0:49:00]} h5 {[%clk 0:35:32]} 20. Ne3 {[%clk 0:41:03]} h4 {[%clk 0:26:31]}
21. Qd5 {[%clk 0:40:34]} h3 {[%clk 0:26:47]} 22. Rxb7 {[%clk 0:38:25]} Qe6
{[%clk 0:27:01]} 23. Qg5 {[%clk 0:32:43]} g6 {[%clk 0:24:28]} 24. b5
{[%clk 0:29:09]} Rh5 {[%clk 0:23:29]} 25. Qf4 {[%clk 0:28:46]} Nf6
{[%clk 0:20:38]} 26. c4 {[%clk 0:26:39]} Kg7 {[%clk 0:16:12]} 27. Ra7
{[%clk 0:23:50]} Qe4 {[%clk 0:14:50]} 28. Qxd6 {[%clk 0:15:30]} Nd5
{[%clk 0:08:08]} 0-1

[Event "High League 2022 men"]
[Site "Obninsk"]
[Date "2022.06.28"]
[Round "3.9"]
[White "Remizov, Yaroslav"]
[Black "Sakaev, Konstantin"]
[Result "1-0"]
[LiveChessVersion "1.4.7"]
[BlackElo "2603"]
[WhiteElo "2390"]

1. e4 {[%clk 1:30:57]} c5 {[%clk 1:30:51]} 2. Nf3 {[%clk 1:31:22]} d6
{[%clk 1:31:10]} 3. Bb5+ {[%clk 1:31:48]} Nd7 {[%clk 1:31:10]} 4. O-O
{[%clk 1:32:11]} a6 {[%clk 1:31:29]} 5. Bd3 {[%clk 1:32:35]} Ngf6
{[%clk 1:31:45]} 6. Re1 {[%clk 1:32:58]} e6 {[%clk 1:30:59]} 7. c3
{[%clk 1:33:21]} b5 {[%clk 1:29:23]} 8. Bc2 {[%clk 1:32:35]} Bb7 {[%clk 1:18:21]}
9. d4 Qc7 {[%clk 1:17:39]} 10. a4 {[%clk 1:28:43]} b4 {[%clk 1:16:59]} 11. e5
{[%clk 1:23:22]} dxe5 {[%clk 1:15:00]} 12. dxe5 {[%clk 1:23:47]} Nd5
{[%clk 1:14:34]} 13. Nbd2 {[%clk 1:19:07]} bxc3 {[%clk 1:00:58]} 14. Nc4
{[%clk 1:16:38]} h6 {[%clk 0:56:12]} 15. Ra3 {[%clk 1:02:48]} N7b6
{[%clk 0:36:29]} 16. Nxb6 {[%clk 1:02:05]} Qxb6 {[%clk 0:35:57]} 17. a5
{[%clk 0:50:07]} Qc7 {[%clk 0:36:01]} 18. bxc3 {[%clk 0:48:57]} c4
{[%clk 0:30:26]} 19. Ba4+ {[%clk 0:47:11]} Bc6 {[%clk 0:30:31]} 20. Nd4
{[%clk 0:47:20]} Bd7 {[%clk 0:28:05]} 21. Nf5 {[%clk 0:37:35]} Rd8
{[%clk 0:16:27]} 22. Bc2 {[%clk 0:36:40]} Bb5 {[%clk 0:12:00]} 23. Nd6+
{[%clk 0:36:39]} Bxd6 {[%clk 0:11:54]} 24. exd6 {[%clk 0:37:05]} Qxd6
{[%clk 0:06:28]} 25. Qg4 {[%clk 0:36:02]} Kf8 {[%clk 0:06:26]} 26. Ra1
{[%clk 0:31:26]} Kg8 {[%clk 0:06:50]} 27. Bd2 {[%clk 0:28:03]} Qe7
{[%clk 0:05:32]} 28. Rad1 {[%clk 0:24:22]} Qf6 {[%clk 0:05:21]} 29. Re4
{[%clk 0:24:12]} g6 {[%clk 0:04:15]} 30. Rde1 {[%clk 0:24:18]} Re8
{[%clk 0:03:36]} 31. h4 {[%clk 0:23:06]} h5 {[%clk 0:01:05]} 32. Qg3
{[%clk 0:23:16]} Qg7 {[%clk 0:01:03]} 33. Re5 {[%clk 0:22:25]} Nf6
{[%clk 0:00:43]} 34. Rg5 {[%clk 0:22:31]} Nh7 {[%clk 0:00:56]} 35. Rc5
{[%clk 0:21:48]} Nf6 {[%clk 0:01:20]} 36. Bf4 {[%clk 0:20:57]} Nd5
{[%clk 0:01:21]} 37. Be5 {[%clk 0:21:03]} f6 {[%clk 0:01:35]} 38. Bd4
{[%clk 0:20:45]} Kh7 {[%clk 0:01:46]} 39. Qf3 {[%clk 0:19:40]} Qh6
{[%clk 0:01:59]} 40. Be4 {[%clk 0:46:51]} Qg7 {[%clk 0:30:43]} 1-0

[Event "High League 2022 men"]
[Site "Obninsk"]
[Date "2022.06.28"]
[Round "3.10"]
[White "Yeletsky, Ivan"]
[Black "Alekseev, Evgeny"]
[Result "0-1"]
[LiveChessVersion "1.4.7"]
[BlackElo "2601"]
[WhiteElo "2474"]

1. d4 {[%clk 1:30:52]} Nf6 {[%clk 1:30:35]} 2. c4 {[%clk 1:31:03]} e6
{[%clk 1:30:22]} 3. Nc3 {[%clk 1:31:16]} d5 {[%clk 1:27:22]} 4. cxd5
{[%clk 1:31:07]} exd5 {[%clk 1:22:13]} 5. Bg5 {[%clk 1:31:12]} c6
{[%clk 1:20:01]} 6. e3 {[%clk 1:31:29]} Be7 {[%clk 1:17:21]} 7. Bd3
{[%clk 1:30:59]} Nbd7 {[%clk 1:17:17]} 8. Qc2 {[%clk 1:30:58]} Nh5
{[%clk 1:08:19]} 9. Bxe7 {[%clk 1:30:38]} Qxe7 {[%clk 1:08:43]} 10. Nge2
{[%clk 1:26:51]} g6 {[%clk 1:00:21]} 11. O-O {[%clk 1:25:28]} O-O
{[%clk 0:59:12]} 12. Rae1 {[%clk 1:24:45]} Ndf6 {[%clk 0:52:07]} 13. Nc1
{[%clk 1:21:12]} Be6 {[%clk 0:43:21]} 14. f3 {[%clk 1:19:18]} Rfd8
{[%clk 0:43:02]} 15. Qf2 {[%clk 1:05:42]} b6 {[%clk 0:40:45]} 16. N1e2
{[%clk 1:04:56]} c5 {[%clk 0:39:02]} 17. g4 {[%clk 1:01:14]} Ng7 {[%clk 0:38:45]}
18. Qh4 {[%clk 0:54:36]} Rd7 {[%clk 0:37:17]} 19. Nf4 {[%clk 0:52:46]} Rad8
{[%clk 0:36:40]} 20. Kg2 {[%clk 0:45:59]} cxd4 {[%clk 0:34:18]} 21. exd4
{[%clk 0:46:02]} Nfh5 {[%clk 0:34:35]} 22. g5 {[%clk 0:41:57]} h6
{[%clk 0:31:35]} 23. Re5 {[%clk 0:42:10]} hxg5 {[%clk 0:25:06]} 24. Rxg5
{[%clk 0:42:26]} Nxf4+ {[%clk 0:24:17]} 25. Qxf4 {[%clk 0:42:43]} Bh3+
{[%clk 0:24:32]} 26. Kxh3 {[%clk 0:43:01]} Ne6 {[%clk 0:24:57]} 27. Rxg6+
{[%clk 0:42:11]} fxg6 {[%clk 0:25:26]} 28. Qg3 {[%clk 0:36:16]} Qf6
{[%clk 0:18:32]} 29. Ne2 {[%clk 0:35:03]} Rh7+ {[%clk 0:15:17]} 30. Kg2
{[%clk 0:35:15]} Kg7 {[%clk 0:12:26]} 31. h3 {[%clk 0:19:58]} Rdh8
{[%clk 0:11:10]} 32. Rh1 {[%clk 0:20:19]} Rh4 {[%clk 0:10:34]} 33. Qe5
{[%clk 0:12:14]} R8h5 {[%clk 0:08:19]} 34. Qb8 {[%clk 0:08:34]} Qf7
{[%clk 0:04:57]} 35. Kf2 {[%clk 0:06:18]} Rg5 {[%clk 0:02:41]} 36. Ke3
{[%clk 0:05:17]} Qe7 {[%clk 0:01:16]} 37. Kd2 {[%clk 0:04:35]} Nxd4
{[%clk 0:00:47]} 38. Rc1 {[%clk 0:04:17]} Nxf3+ {[%clk 0:00:36]} 39. Kd1
{[%clk 0:04:31]} Rh8 {[%clk 0:00:44]} 40. Rc7 {[%clk 0:33:30]} Rxb8
{[%clk 0:30:54]} 41. Rxe7+ {[%clk 0:33:51]} Kh6 {[%clk 0:29:57]} 42. Rxa7
{[%clk 0:30:48]} Ne5 {[%clk 0:24:51]} 43. Kd2 Rh5 44. Re7 {[%clk 0:28:58]} Nxd3
{[%clk 0:19:45]} 45. Kxd3 {[%clk 0:29:13]} Rxh3+ {[%clk 0:20:10]} 46. Kd4
{[%clk 0:29:31]} Rh4+ {[%clk 0:18:31]} 47. Kxd5 {[%clk 0:29:31]} Rd8+
{[%clk 0:18:43]} 48. Kc6 {[%clk 0:29:21]} Rd2 {[%clk 0:19:03]} 49. b3
{[%clk 0:27:01]} Rxa2 {[%clk 0:19:15]} 0-1

[Event "High League 2022 men"]
[Site "Obninsk"]
[Date "2022.06.28"]
[Round "3.11"]
[White "Goryachkina, Aleksandra"]
[Black "Belyakov, Bogdan"]
[Result "1/2-1/2"]
[LiveChessVersion "1.4.7"]
[BlackElo "2448"]
[WhiteElo "2599"]

1. d4 {[%clk 1:30:49]} Nf6 {[%clk 1:30:50]} 2. c4 {[%clk 1:31:10]} c5
{[%clk 1:31:09]} 3. d5 {[%clk 1:30:47]} b5 {[%clk 1:31:34]} 4. cxb5
{[%clk 1:29:02]} a6 {[%clk 1:31:58]} 5. e3 {[%clk 1:28:02]} g6 {[%clk 1:25:41]}
6. Nc3 {[%clk 1:25:24]} Bg7 {[%clk 1:22:02]} 7. a4 {[%clk 1:19:32]} O-O
{[%clk 1:18:06]} 8. Nf3 {[%clk 1:19:10]} d6 {[%clk 1:15:48]} 9. e4
{[%clk 1:14:13]} Nbd7 {[%clk 1:01:28]} 10. Be2 {[%clk 1:11:41]} axb5
{[%clk 0:59:33]} 11. Bxb5 {[%clk 1:11:46]} Ba6 {[%clk 0:58:38]} 12. Bxa6
{[%clk 1:09:50]} Rxa6 {[%clk 0:57:49]} 13. O-O {[%clk 1:09:55]} Qa8
{[%clk 0:51:03]} 14. Ra3 {[%clk 1:03:40]} Nb6 {[%clk 0:44:25]} 15. b3
{[%clk 1:00:40]} Rb8 {[%clk 0:29:48]} 16. Qc2 {[%clk 0:53:14]} Qb7
{[%clk 0:26:18]} 17. Bd2 {[%clk 0:50:35]} Nfd7 {[%clk 0:21:00]} 18. a5
{[%clk 0:44:50]} Na8 {[%clk 0:19:46]} 19. Rb1 {[%clk 0:43:03]} Nc7
{[%clk 0:17:26]} 20. Ra4 {[%clk 0:42:32]} Qa7 {[%clk 0:12:58]} 21. Ne2
{[%clk 0:38:16]} Ne5 {[%clk 0:12:14]} 22. Nxe5 {[%clk 0:36:46]} Bxe5
{[%clk 0:12:40]} 23. b4 {[%clk 0:34:39]} Qb7 {[%clk 0:08:40]} 24. Rc1
{[%clk 0:25:35]} Qb5 {[%clk 0:08:33]} 25. Be3 {[%clk 0:19:37]} cxb4
{[%clk 0:03:51]} 26. f4 {[%clk 0:06:52]} Bc3 {[%clk 0:00:49]} 27. Nxc3
{[%clk 0:05:19]} bxc3 {[%clk 0:01:15]} 28. Raa1 {[%clk 0:04:10]} Qc4
{[%clk 0:00:46]} 29. Ra4 {[%clk 0:01:53]} Qb5 {[%clk 0:01:12]} 30. Ra3
{[%clk 0:01:10]} Rxa5 {[%clk 0:01:26]} 31. Rxc3 {[%clk 0:01:20]} Ne8
{[%clk 0:01:44]} 32. h3 {[%clk 0:01:02]} Raa8 {[%clk 0:01:49]} 33. Kh2
{[%clk 0:01:11]} Qb4 {[%clk 0:01:01]} 34. Rc4 {[%clk 0:01:18]} Qb3
{[%clk 0:01:07]} 35. Qxb3 {[%clk 0:01:07]} Rxb3 {[%clk 0:01:32]} 36. Bd4
{[%clk 0:01:04]} Rb5 {[%clk 0:01:11]} 37. Rc8 {[%clk 0:00:59]} Rxc8
{[%clk 0:01:11]} 38. Rxc8 {[%clk 0:01:28]} Kf8 {[%clk 0:01:36]} 39. Bg7+
{[%clk 0:00:48]} Kxg7 {[%clk 0:02:00]} 40. Rxe8 {[%clk 0:31:15]} Rb7
{[%clk 0:32:24]} 1/2-1/2